Antoni Gaudí / (Record no. 141667)
[ view plain ]
| 000 -LEADER | |
|---|---|
| campo de control de longitud fija | 00671nam a2200217 i 4500 |
| 001 - NÚMERO DE CONTROL | |
| campo de control | 141667 |
| 003 - IDENTIFICADOR DE NÚMERO DE CONTROL | |
| campo de control | ES-MaACL |
| 005 - FECHA Y HORA DE LA ÚLTIMA TRANSACCIÓN | |
| campo de control | 20250323192213.0 |
| 007 - CAMPO FIJO DE DESCRIPCIÓN FÍSICA--INFORMACIÓN GENERAL | |
| campo de control de longitud fija | t| |
| 008 - DATOS DE LONGITUD FIJA--INFORMACIÓN GENERAL | |
| campo de control de longitud fija | 070926s1970 sp ||||1| spa d |
| 100 1# - ENTRADA PRINCIPAL--NOMBRE DE PERSONA | |
| Nombre de persona | Vinca Masini, Lara. |
| 9 (RLIN) | 115301 |
| 245 10 - MENCIÓN DEL TÍTULO | |
| Título | Antoni Gaudí / |
| Mención de responsabilidad, etc. | Lara Vinca Masini ; [traducción Jaume Barnat]. |
| 260 ## - PUBLICACIÓN, DISTRIBUCIÓN, ETC. | |
| Lugar de publicación, distribución, etc. | [Barcelona : |
| Nombre del editor, distribuidor, etc. | Nauta, |
| Fecha de publicación, distribución, etc. | 1970] |
| 300 ## - DESCRIPCIÓN FÍSICA | |
| Extensión | 96 p. : |
| Otras características físicas | il. ; |
| Dimensiones | 32 cm. |
| 490 1# - MENCIÓN DE SERIE | |
| Mención de serie | Grandes maestros del siglo XX |
| 600 14 - PUNTO DE ACCESO ADICIONAL DE MATERIA--NOMBRE DE PERSONA | |
| Nombre de persona | Gaudí, Antoni, |
| Fechas asociadas al nombre | 1852-1926 |
| 9 (RLIN) | 55994 |
| 700 1# - ENTRADA AGREGADA--NOMBRE PERSONAL | |
| Nombre de persona | Barnat, Jaume. |
| 9 (RLIN) | 25707 |
| 830 0# - PUNTO DE ACCESO ADICIONAL DE SERIE-TÍTULO UNIFORME | |
| Título uniforme | Grandes maestros del siglo XX |
| 9 (RLIN) | 181649 |
| 852 ## - LOCALIZACIÓN | |
| Ubicación | ES-MaACL |
| Número de control de estantería | C-41248 |
| Sublocalización o colección | R.75246 |
| Estatus retirado | Estado de pérdida | Estado de daño | No para préstamo | Biblioteca de origen | Biblioteca actual | Ubicación en estantería | Fecha de adquisición | Fuente de adquisición | Total de préstamos | Signatura topográfica completa | Código de barras | Visto por última vez | Precio de reemplazo | Tipo de ítem Koha |
|---|---|---|---|---|---|---|---|---|---|---|---|---|---|---|
| Biblioteca del Ateneo de Madrid | Biblioteca del Ateneo de Madrid | Depósito 2 | 17/01/2008 | C-41248 | 1147405 | 23/02/2023 | 23/02/2023 | Libro impreso |
